Teoría Contable (Registro nro. 1658)
[ vista simple ]
| 000 -LEADER | |
|---|---|
| fixed length control field | 00964 a2200253 4500 |
| 001 - CONTROL NUMBER | |
| control field | 28150 |
| 005 - DATE AND TIME OF LATEST TRANSACTION | |
| control field | 20260407155553.0 |
| 008 - FIXED-LENGTH DATA ELEMENTS--GENERAL INFORMATION | |
| fixed length control field | 260407a1998 arg spa d |
| 003 - CONTROL NUMBER IDENTIFIER | |
| control field | AR-UNSa-BCEJYS |
| 040 ## - CATALOGING SOURCE | |
| Original cataloging agency | AR-UNSa-BCEJYS |
| Language of cataloging | spa |
| Transcribing agency | AR-UNSa-BCEJYS |
| 080 ## - UNIVERSAL DECIMAL CLASSIFICATION NUMBER | |
| Universal Decimal Classification number | 657 |
| Common auxiliary subdivision | Contabilidad |
| 020 ## - INTERNATIONAL STANDARD BOOK NUMBER | |
| International Standard Book Number | 950-537-422-4 |
| 100 1# - MAIN ENTRY--PERSONAL NAME | |
| Personal name | Chaves, Osvaldo Argentino |
| 245 10 - TITLE STATEMENT | |
| Title | Teoría Contable |
| 264 #1 - PRODUCTION, PUBLICATION, DISTRIBUTION, MANUFACTURE, AND COPYRIGHT NOTICE | |
| Place of production, publication, distribution, manufacture | Buenos Aires : |
| Name of producer, publisher, distributor, manufacturer | Ediciones Macchi |
| Date of production, publication, distribution, manufacture, or copyright notice | 1998 |
| 300 ## - PHYSICAL DESCRIPTION | |
| Extent | 413 p. |
| Dimensions | 23 cm. |
| 505 ## - FORMATTED CONTENTS NOTE | |
| Formatted contents note | 1. La contabilidad y sus objetivos - 2. La información contable - 3. El proceso conatable y la estructura patrimonial y de resultados - 4. Reconocimiento contable de las variaciones patrimoniales - 5. Aspectos legales y profesionales de las normas contables. |
| 590 ## - LOCAL NOTE (RLIN) | |
| Local note | niveau_biblio:m niveau_hierar:0 |
| 700 1# - ADDED ENTRY--PERSONAL NAME | |
| Personal name | Chyrikins, Héctor |
| 700 1# - ADDED ENTRY--PERSONAL NAME | |
| Personal name | Dealecsandris, Ricardo P. |
| 700 1# - ADDED ENTRY--PERSONAL NAME | |
| Personal name | Pahlen Acuña, Ricardo Jose María |
| 700 1# - ADDED ENTRY--PERSONAL NAME | |
| Personal name | Viegas, Juan Carlos |
| 942 ## - ADDED ENTRY ELEMENTS (KOHA) | |
| Koha item type | |
| Withdrawn status | Lost status | Damaged status | Not for loan | Home library | Current library | Shelving location | Date acquired | Total checkouts | Full call number | Barcode | Date last seen | Price effective from | Koha item type |
|---|---|---|---|---|---|---|---|---|---|---|---|---|---|
| Biblioteca Prof. Eusebio Cleto del Rey | Biblioteca Prof. Eusebio Cleto del Rey | 07/04/2026 | 657 T321 | L85582 | 07/04/2026 | 07/04/2026 | Libro |